Conserving Soil Resources: (Record no. 1680)

MARC details
000 -LEADER
fixed length control field 00547nam a22002057a 4500
003 - CONTROL NUMBER IDENTIFIER
control field OSt
005 - DATE AND TIME OF LATEST TRANSACTION
control field 20210315131836.0
008 - FIXED-LENGTH DATA ELEMENTS--GENERAL INFORMATION
fixed length control field 150430b xxu||||| |||| 00| 0 eng d
020 ## - INTERNATIONAL STANDARD BOOK NUMBER
International Standard Book Number 0851989489
040 ## - CATALOGING SOURCE
Transcribing agency 040a
082 ## - DEWEY DECIMAL CLASSIFICATION NUMBER
Classification number 333.73094
Item number CON 1994
100 ## - MAIN ENTRY--PERSONAL NAME
Personal name Rickson, R. J
9 (RLIN) 4436
245 ## - TITLE STATEMENT
Title Conserving Soil Resources:
Remainder of title European perspectives
260 ## - PUBLICATION, DISTRIBUTION, ETC. (IMPRINT)
Name of publisher, distributor, etc. Cambridge university press
Date of publication, distribution, etc. 1994
300 ## - PHYSICAL DESCRIPTION
Extent x, 421p ;
Other physical details ill :
Dimensions 14 cm.
504 ## - BIBLIOGRAPHY, ETC. NOTE
Bibliography, etc includes index
650 ## - SUBJECT ADDED ENTRY--TOPICAL TERM
Topical term or geographic name as entry element Soil
9 (RLIN) 4435
650 ## - SUBJECT ADDED ENTRY--TOPICAL TERM
Topical term or geographic name as entry element Agriculture
9 (RLIN) 4591
942 ## - ADDED ENTRY ELEMENTS (KOHA)
Source of classification or shelving scheme Dewey Decimal Classification
Koha item type Short Loan
Holdings
Withdrawn status Lost status Source of classification or shelving scheme Damaged status Not for loan Home library Current library Date acquired Source of acquisition Inventory number Total Checkouts Full call number Barcode Date last seen Koha item type Price effective from
    Dewey Decimal Classification     MUST Main Library MUST Main Library 30/04/2015 Purchase 02/16897   333.73094 CON 1994 2015-1294 30/04/2015 Short Loan  
    Dewey Decimal Classification     MUST Main Library MUST Main Library 30/04/2015 Purchase 02/16898   333.73094 CON 1994 2015-1295 30/04/2015 Short Loan  
    Other/Generic Classification Scheme     MUST Main Library MUST Main Library 24/06/2024 Purchase 02/16899   333.73094 CON 1994 2024-21106 24/06/2024 Open Shelf 24/06/2024